[Event "ICS rated standard match"]
[Site "207.99.83.229"]
[Date "1999.06.12"]
[Round "?"]
[White "Hossa"]
[Black "cayest"]
[Result "1-0"]
[WhiteElo "2337"]
[BlackElo "2035"]
[PlyCount "45"]

1. e4 d5 2. exd5 Nf6 3. Bb5+ Bd7 4. Bc4 b5 5. Bb3 a5 6. a4 bxa4 7. Bc4 Bg4 8.
f3 Bc8 9. Nc3 Bb7 10. Nge2 Nxd5 11. O-O e6 12. Nxd5 Bxd5 13. Bxd5 Qxd5 14. Rxa4
Bd6 15. Rg4 Kf8 16. d4 Nd7 17. Qd3 Nf6 18. Rg5 Qc6 19. Bd2 Nd5 20. c4 Nb4 21.
Qe4 h6 22. Rb5 Qa6 23. Ra1 {cayest resigns} 1-0

[Event "ICS rated standard match"]
[Site "207.99.83.229"]
[Date "1999.06.12"]
[Round "?"]
[White "CrazyHorses"]
[Black "Hossa"]
[Result "0-1"]
[WhiteElo "2241"]
[BlackElo "2342"]
[PlyCount "48"]

1. d4 e6 2. c4 d5 3. Nc3 Bb4 4. a3 Bxc3+ 5. bxc3 Nf6 6. e3 O-O 7. Bd3 e5 8.
dxe5 dxc4 9. Bxc4 Qxd1+ 10. Kxd1 Ng4 11. Ke2 Nxe5 12. Bb3 Be6 13. Bxe6 fxe6 14.
Nh3 Nbd7 15. Nf4 Nc5 16. a4 Rf6 17. f3 Nc4 18. Ba3 Nxa4 19. Be7 Nxc3+ 20. Kd3
Rxf4 21. exf4 Nd5 22. Kxc4 Nxe7 23. Rhb1 Nf5 24. Rxb7 24... Nd6+ {
CrazyHorses resigns} 0-1

[Event "ICS Rated standard match"]
[Site "207.99.83.229"]
[Date "1999.06.12"]
[Round "?"]
[White "Evilone"]
[Black "Hossa"]
[Result "1-0"]
[WhiteElo "2038"]
[BlackElo "2349"]
[PlyCount "54"]

1. e3 c5 2. b4 cxb4 3. Bb2 Nf6 4. f4 e6 5. Nf3 Be7 6. d4 Ng4 7. Qd2 O-O 8. Bd3
d5 9. O-O Nc6 10. Qe1 Bd7 11. Nbd2 Rc8 12. h3 Nf6 13. e4 dxe4 14. Nxe4 Nd5 15.
Ne5 Be8 16. Rd1 Qc7 17. Ng5 Nxe5 18. Bxh7+ Kh8 19. Qh4 Nf3+ 20. Rxf3 Nf6 21. d5
Qb6+ 22. Kh1 Rc3 23. Rxc3 bxc3 24. Bxc3 Qf2 25. Qxf2 Nxh7 26. dxe6 Nxg5 27.
fxg5 27... fxe6 {Hossa resigns} 1-0

[Event "ICS rated blitz match"]
[Site "207.99.83.229"]
[Date "1999.06.12"]
[Round "?"]
[White "RagingBull"]
[Black "Hossa"]
[Result "0-1"]
[WhiteElo "2176"]
[BlackElo "2434"]
[PlyCount "104"]

1. e4 c5 2. Nf3 Nc6 3. Bb5 d6 4. O-O e5 5. Nc3 Nf6 6. Re1 Be7 7. Nd5 O-O 8. d3
Nxd5 9. exd5 Nb4 10. Bc4 Bg4 11. a3 Bxf3 12. gxf3 Na6 13. Bxa6 bxa6 14. f4 f6
15. Qf3 Qa5 16. Rd1 Rf7 17. Bd2 Qb6 18. b3 Raf8 19. f5 Qc7 20. Kh1 Bd8 21. Rg1
Kh8 22. Rg3 a5 23. a4 Qb7 24. Qe4 Bb6 25. Rg2 Rg8 26. Rag1 Rff8 27. Be3 Bc7 28.
Bd2 Qc8 29. h4 Qe8 30. Kh2 Qf7 31. Kh3 Bb6 32. Qf3 a6 33. Rg6 c4 34. dxc4 Bxf2
35. Qxf2 hxg6 36. Rxg6 Kh7 37. h5 Rh8 38. Qg3 Kg8 39. Kh4 Rh7 40. Qg4 Qa7 41.
Qg2 Qd4+ 42. Rg4 Qc5 43. Rg6 Kh8 44. h6 gxh6 45. Kh5 Qc8 46. Qg4 Rg8 47. Bxh6
Rxg6 48. Qxg6 Qd8 49. c3 e4 50. Kg4 Qe7 51. b4 e3 52. Bxe3 52... Qxe3 {
RagingBull resigns} 0-1

[Event "ICS rated blitz match"]
[Site "207.99.83.229"]
[Date "1999.06.12"]
[Round "?"]
[White "plimsol"]
[Black "Hossa"]
[Result "0-1"]
[WhiteElo "2388"]
[BlackElo "2440"]
[PlyCount "90"]

1. e4 c5 2. Nf3 Nc6 3. Nc3 g6 4. Bb5 Bg7 5. O-O Nf6 6. Re1 O-O 7. e5 Ng4 8.
Bxc6 dxc6 9. d3 Qc7 10. Bf4 Qb6 11. b3 c4 12. Qd2 cxd3 13. cxd3 f6 14. exf6
Rxf6 15. Ne4 Rf8 16. Rac1 e5 17. Bg3 Bf5 18. h3 Bxe4 19. dxe4 Bh6 20. Qe2 Bxc1
21. Rxc1 Nf6 22. Nxe5 Rad8 23. Nc4 Qd4 24. e5 Nh5 25. Bh2 Rd5 26. e6 Nf4 27.
Bxf4 Qxf4 28. Re1 Re8 29. e7 Qf6 30. f4 Rd7 31. Ne5 Rexe7 32. Qc4+ Rd5 33. Re4
g5 34. Ng4 Qa1+ 35. Kh2 Qg7 36. Ne3 Rxe4 37. Qxe4 Ra5 38. Qe6+ Qf7 39. Qc8+ Kg7
40. f5 Rxa2 41. Ng4 Re2 42. Qd8 Qxf5 43. Qc7+ Qf7 44. Qd8 Qf4+ 45. Kg1 45...
Re1# {plimsol checkmated} 0-1

[Event "ICS rated standard match"]
[Site "207.99.83.229"]
[Date "1999.06.12"]
[Round "?"]
[White "Hossa"]
[Black "Mofongo"]
[Result "0-1"]
[WhiteElo "2322"]
[BlackElo "2524"]
[PlyCount "141"]

1. e4 c5 2. Nf3 e6 3. d4 cxd4 4. Nxd4 Nf6 5. Nc3 d6 6. g4 h6 7. h4 Nc6 8. Rg1
h5 9. gxh5 Nxh5 10. Bg5 Nf6 11. Qd2 Qb6 12. Nb3 Bd7 13. Be2 a5 14. O-O-O Qxf2
15. h5 a4 16. Be3 Qh4 17. Nc5 a3 18. Rh1 axb2+ 19. Kxb2 Qxh1 20. Rxh1 dxc5 21.
Bg5 Nd4 22. Rd1 Bc6 23. Bxf6 gxf6 24. Bg4 Bh6 25. Qf2 Bg5 26. Qf1 Ra6 27. Qd3
O-O 28. a3 Rfa8 29. Ra1 f5 30. exf5 Bf6 31. fxe6 Nb5 32. exf7+ Kf8 33. Kc1 Bg5+
34. Kb2 Rb6 35. Nxb5 Bxb5 36. Qb3 Bf6+ 37. Kc1 Raa6 38. Qg3 Bxa1 39. Be6 Bg7
40. Bd5 Rd6 41. c4 Ba4 42. Kd2 Rab6 43. Ke2 Bd7 44. Kf1 Rf6+ 45. Ke2 Rbd6 46.
Qg1 b6 47. Qg3 Rh6 48. Ke3 Bc6 49. Bxc6 Rxc6 50. Qb8+ Kxf7 51. Qb7+ Kg8 52. Kf4
Rhf6+ 53. Kg5 Rcd6 54. Qa8+ Rf8 55. Qg2 Re8 56. Kg4 Rd4+ 57. Kf3 Re6 58. a4
Rxc4 59. Qa2 Rce4 60. Qd5 R4e5 61. Qd8+ Kh7 62. Kg4 c4 63. Qd1 Re3 64. Qd7 c3
65. a5 c2 66. Qd2 R6e4+ 67. Kf5 Re2 68. axb6 Rxd2 69. Kxe4 c1=Q 70. Ke3 Qc3+
71. Kf4 {Hossa resigns} 0-1

[Event "ICS rated blitz match"]
[Site "207.99.83.229"]
[Date "1999.06.12"]
[Round "?"]
[White "Hossa"]
[Black "RoboMagneto"]
[Result "0-1"]
[WhiteElo "2454"]
[BlackElo "2628"]
[PlyCount "129"]

1. e4 c5 2. Nf3 e6 3. d4 cxd4 4. Nxd4 Nf6 5. Nc3 d6 6. Be2 Be7 7. O-O O-O 8. f4
a6 9. Be3 Qc7 10. Qe1 b5 11. Bf3 Bb7 12. e5 dxe5 13. fxe5 Nfd7 14. Bxb7 Qxb7
15. Bf4 Bc5 16. Be3 Qc7 17. Rd1 Qxe5 18. Qf2 Nc6 19. Rfe1 Bxd4 20. Bxd4 Qc7 21.
a4 b4 22. Ne4 Nxd4 23. Rxd4 a5 24. c4 bxc3 25. bxc3 Rad8 26. Red1 Ne5 27. Qg3
Rxd4 28. cxd4 Qc2 29. Nc3 Nc4 30. Qe1 Rb8 31. Rc1 Qd3 32. Nb5 Rd8 33. Rc3 Qd2
34. Qh4 Rc8 35. Qf2 Qd1+ 36. Qf1 Qxa4 37. Na3 Nb6 38. Rxc8+ Nxc8 39. Qd3 Nd6
40. h3 Kf8 41. Kf2 h5 42. Kg1 Ke7 43. Kh2 Qb4 44. Nc2 Qc4 45. Qd1 Ne4 46. Ne3
Qc3 47. Nf1 h4 48. Kg1 Kd6 49. Qa4 Ng3 50. Nxg3 hxg3 51. Qd1 Kd5 52. Kh1 f5 53.
Qg1 f4 54. Qf1 Qxd4 55. Qb5+ Kd6 56. Qa6+ Ke7 57. Qb7+ Kf6 58. Qb1 a4 59. Qg1
Qxg1+ 60. Kxg1 a3 61. Kf1 a2 62. h4 a1=Q+ 63. Ke2 Qa2+ 64. Kd3 Qxg2 65. Kc3 {
Hossa resigns} 0-1

[Event "ICS rated blitz match"]
[Site "207.99.83.229"]
[Date "1999.06.12"]
[Round "?"]
[White "Kob"]
[Black "Hossa"]
[Result "1/2-1/2"]
[WhiteElo "2251"]
[BlackElo "2453"]
[PlyCount "159"]

1. e4 c5 2. Nf3 e6 3. d4 cxd4 4. Nxd4 Nf6 5. Nc3 d6 6. g4 h6 7. h4 Nc6 8. g5
hxg5 9. Bxg5 Be7 10. Qd2 Nxd4 11. Qxd4 e5 12. Qd2 O-O 13. O-O-O Bg4 14. Be2
Bxe2 15. Qxe2 a5 16. Bxf6 Bxf6 17. Nd5 Bxh4 18. Kb1 Bg5 19. Rdg1 a4 20. Qh5 f6
21. Qg4 Ra7 22. Qe6+ Rf7 23. Rh3 a3 24. Rgh1 Bh6 25. Rg3 Kf8 26. b3 b5 27. Rd3
Qd7 28. Qxd7 Raxd7 29. Nb4 f5 30. f3 fxe4 31. fxe4 Rf4 32. Re1 Bg5 33. Na6 Bh4
34. Red1 Ra7 35. Rxd6 Rxe4 36. Nc5 Re3 37. Ne6+ Kf7 38. Nc5 Be7 39. R6d5 Bxc5
40. Rxc5 b4 41. Rf1+ Ke6 42. Rc6+ Kd5 43. Rg6 Kc5 44. Kc1 Rh3 45. Re6 Rh5 46.
Re1 Rc7 47. R6xe5+ Rxe5 48. Rxe5+ Kb6 49. Rg5 Rf7 50. Kd2 Rd7+ 51. Ke3 Ka6 52.
Rg6+ Kb5 53. Ke4 Rc7 54. Kd3 Ka5 55. Rg5+ Kb6 56. Rg2 Rc3+ 57. Kd4 Rc6 58. Rxg7
Rxc2 59. Rg6+ Kc7 60. Kd5 Rxa2 61. Rg4 Rd2+ 62. Kc4 Kc6 63. Kxb4 a2 64. Rg1 Rd7
65. Ra1 Ra7 66. Kc3 Kd5 67. Kb2 Ra6 68. Rxa2 Rxa2+ 69. Kxa2 Kc5 70. Kb2 Kb4 71.
Kc2 Kc5 72. Kc3 Kb5 73. b4 Kc6 74. Kc4 Kb6 75. b5 Kc7 76. Kc5 Kb7 77. b6 Kb8
78. Kc6 Kc8 79. b7+ Kb8 80. Kb6 {Hossa stalemated} 1/2-1/2

[Event "ICS rated blitz match"]
[Site "207.99.83.229"]
[Date "1999.06.12"]
[Round "?"]
[White "Hossa"]
[Black "saknight"]
[Result "1-0"]
[WhiteElo "2445"]
[BlackElo "2141"]
[PlyCount "41"]

1. e4 g6 2. d4 Bg7 3. Nc3 d6 4. f4 c6 5. Nf3 Bg4 6. Be2 Qb6 7. Ng5 Bxe2 8. Nxe2
Nf6 9. e5 dxe5 10. fxe5 Nd5 11. e6 f6 12. Nf7 Rf8 13. O-O Nc7 14. Nf4 Nxe6 15.
Nxe6 Kxf7 16. Nxf8 Kxf8 17. b3 Nd7 18. Ba3 Kf7 19. Qd3 Rd8 20. Rae1 e6 21. Rxe6
{saknight resigns} 1-0

[Event "ICS Rated standard match"]
[Site "207.99.83.229"]
[Date "1999.06.12"]
[Round "?"]
[White "razzle"]
[Black "Hossa"]
[Result "1-0"]
[WhiteElo "2672"]
[BlackElo "2314"]
[PlyCount "124"]

1. e4 c5 2. Nf3 e6 3. d4 cxd4 4. Nxd4 Nf6 5. Nc3 d6 6. g4 h6 7. h4 Nc6 8. Rg1
h5 9. gxh5 Nxh5 10. Bg5 Nf6 11. Qd2 Qb6 12. Nb3 Bd7 13. O-O-O Ne5 14. Rg3 O-O-O
15. Be3 Qc7 16. f4 Ng6 17. Qd4 b6 18. Ba6+ Kb8 19. Rxg6 fxg6 20. e5 Ng4 21. Bg1
d5 22. Qd3 Rxh4 23. Qxg6 Bb4 24. Qg5 Rdh8 25. Rd3 Qd8 26. Qxd8+ Rxd8 27. Ne2
Rdh8 28. Nbd4 g6 29. Rg3 R8h6 30. a3 Bc5 31. c4 Ka8 32. cxd5 exd5 33. e6 Be8
34. b4 Bd6 35. Rc3 Nf6 36. Rc8+ Bb8 37. b5 Rh7 38. Nc6 Bxc6 39. bxc6 Ne4 40.
Bb7+ Rxb7 41. cxb7+ Kxb7 42. e7 Nf6 43. Rf8 Rh7 44. Rxf6 Rxe7 45. Kd2 Re4 46.
Bd4 Bc7 47. Kd3 Bb8 48. Be3 Ra4 49. Bc1 Rc4 50. Rxg6 Rxc1 51. Nxc1 Bxf4 52. Ne2
Be5 53. Nc3 b5 54. Nxb5 Bb2 55. a4 a6 56. Nc3 d4 57. Nd5 Ka7 58. Nb4 a5 59.
Ra6+ Kb7 60. Rxa5 Kc7 61. Rb5 Kd7 62. a5 62... Bc3 {Hossa resigns} 1-0

[Event "ICS rated blitz match"]
[Site "207.99.83.229"]
[Date "1999.06.12"]
[Round "?"]
[White "MissSilicon"]
[Black "Hossa"]
[Result "1-0"]
[WhiteElo "2534"]
[BlackElo "2450"]
[PlyCount "195"]

1. d4 e6 2. Nf3 c5 3. Nc3 cxd4 4. Nxd4 Bb4 5. Bd2 Nf6 6. a3 Bxc3 7. Bxc3 Ne4 8.
Nb5 O-O 9. Bb4 Qf6 10. Qd4 Qxd4 11. Nxd4 Rd8 12. f3 a5 13. Be7 Re8 14. Bh4 Nd6
15. e4 f5 16. e5 Nf7 17. Nb5 Na6 18. O-O-O f4 19. Be1 Nxe5 20. Bxa5 d5 21. Re1
Nc6 22. Bb6 e5 23. Rd1 Be6 24. Bd3 Re7 25. Rhe1 Rd7 26. Kb1 Kh8 27. Rd2 Kg8 28.
c3 Rf7 29. Bc2 Rd7 30. Red1 Ne7 31. Re2 Nc6 32. b3 Kh8 33. Red2 Re7 34. Kb2
Ncb8 35. c4 d4 36. Bd8 Rf7 37. Re2 Nc6 38. Bb6 Rf6 39. Rde1 Bf7 40. c5 Bg6 41.
Bxg6 Rxg6 42. Kc2 Re6 43. b4 Re7 44. Re4 Rd7 45. Kd3 Kg8 46. g3 fxg3 47. hxg3
h5 48. f4 exf4 49. Rxf4 Nab8 50. Re8+ Kh7 51. g4 Kg6 52. gxh5+ Kxh5 53. Re6 g5
54. Rf2 g4 55. Rf5+ Kh4 56. Re4 Ra4 57. Bc7 Na6 58. Bd6 Rg7 59. Re8 g3 60. Rh8+
Kg4 61. Rf4+ Kg5 62. Rf3 g2 63. Rg3+ Kf6 64. Rf8+ Rf7 65. Rxf7+ Kxf7 66. Rxg2
Naxb4+ 67. axb4 Rxb4 68. Nc7 Rb3+ 69. Kc4 Rc3+ 70. Kd5 d3 71. Rf2+ Kg6 72. Ne6
Kh5 73. Ke4 Kh6 74. Rf3 Nb4 75. Kf5 d2 76. Rxc3 d1=Q 77. Rh3+ Qh5+ 78. Rxh5+
Kxh5 79. Nd8 Nd3 80. Nxb7 Nb4 81. Na5 Nc2 82. c6 Nd4+ 83. Ke5 Nb5 84. c7 Na7
85. Bc5 Nc8 86. Ke6 Kg4 87. Kd7 Kf4 88. Kxc8 Ke5 89. Kd7 Ke4 90. Ke6 Kd3 91.
Kd5 Kc3 92. c8=Q Kd3 93. Qa6+ Kc3 94. Qc4+ Kd2 95. Qa2+ Kd1 96. Bf2 Kc1 97.
Nb3+ Kd1 98. Qd2# {Hossa checkmated} 1-0

[Event "ICS rated blitz match"]
[Site "207.99.83.229"]
[Date "1999.06.12"]
[Round "?"]
[White "bookbuilder"]
[Black "Hossa"]
[Result "1-0"]
[WhiteElo "2655"]
[BlackElo "2438"]
[PlyCount "175"]

1. e4 c5 2. Nc3 Nc6 3. Nf3 e5 4. Bc4 Bd6 5. O-O Nf6 6. Nd5 Nxe4 7. Qe2 Nf6 8.
Nxe5 Nd4 9. Qe3 Nxc2 10. Nxf6+ Qxf6 11. Ng4+ Qe7 12. Qxe7+ Bxe7 13. Rb1 O-O 14.
Ne3 Nd4 15. Nd5 Bd8 16. Re1 b5 17. Bd3 Bb7 18. Nc3 b4 19. Nb5 Ba6 20. Be4 Bxb5
21. Bxa8 Bd3 22. Be4 Ne2+ 23. Rxe2 Bxe2 24. f3 Bf6 25. Kf2 Bc4 26. Bf5 Bd4+ 27.
Kg3 Be6 28. Bxe6 fxe6 29. d3 Rf5 30. f4 Bg1 31. Kf3 Bxh2 32. g3 Rd5 33. Kg2
Bxg3 34. Kxg3 Rxd3+ 35. Kf2 Rd1 36. a3 bxa3 37. bxa3 d5 38. Ke2 Rh1 39. Kd2 Rh4
40. Kc2 g5 41. fxg5 Rc4+ 42. Kd1 a5 43. Rb7 Rd4+ 44. Bd2 a4 45. Re7 Rd3 46.
Rxe6 Rxa3 47. Ra6 c4 48. Bc1 Rb3 49. Rxa4 Rh3 50. Kc2 Kf7 51. Ra6 Rg3 52. Rf6+
Kg7 53. Rd6 Rd3 54. Bb2+ Kf7 55. Bc3 Rg3 56. Rxd5 Ke6 57. Rc5 Rg4 58. Bg7 Re4
59. Kc3 Rg4 60. Bd4 Kf7 61. Rc7+ Ke6 62. Kxc4 Rxg5 63. Rxh7 Rg2 64. Rh5 Rc2+
65. Bc3 Rc1 66. Re5+ Kd7 67. Kd4 Rd1+ 68. Kc5 Rd3 69. Bd4 Rd1 70. Kd5 Rc1 71.
Rg5 Re1 72. Rg2 Re7 73. Bf6 Rf7 74. Rg6 Ke8 75. Rh6 Rd7+ 76. Ke6 Re7+ 77. Kd6
Rf7 78. Be5 Rd7+ 79. Kc6 Re7 80. Bd6 Rg7 81. Rf6 Rg8 82. Bc5 Rh8 83. Rf1 Rg8
84. Bd6 Rh8 85. Kc7 Rh7+ 86. Kc8 Rh8 87. Bc5 Rh7 88. Rf8# {Hossa checkmated}
1-0

[Event "ICS rated standard match"]
[Site "207.99.83.229"]
[Date "1999.06.12"]
[Round "?"]
[White "Hossa"]
[Black "sss20"]
[Result "1/2-1/2"]
[WhiteElo "2311"]
[BlackElo "2070"]
[PlyCount "106"]

1. e4 e5 2. Nf3 Nc6 3. d4 exd4 4. Bc4 Nf6 5. e5 d5 6. Bb5 Ne4 7. Nxd4 Bd7 8.
Bxc6 bxc6 9. O-O Bc5 10. f3 Ng5 11. Nc3 Ne6 12. Be3 O-O 13. Qd2 Rb8 14. Nb3
Bxe3+ 15. Qxe3 Rxb3 16. axb3 d4 17. Qd2 dxc3 18. bxc3 Qe7 19. Qe3 Ra8 20. Rxa7
Rxa7 21. Qxa7 Nf4 22. Re1 Bc8 23. Qa8 Qd7 24. c4 h6 25. Kh1 Kh7 26. Qa5 Qd4 27.
Rf1 Bf5 28. Qxc7 Bxc2 29. Qxc6 Nd3 30. Qe4+ Qxe4 31. fxe4 Bxb3 32. Rxf7 Nxe5
33. Rf5 Nxc4 34. Rf3 Ba4 35. Rd3 Kg6 36. Rc3 Ne5 37. h3 Bc6 38. Re3 Kg5 39.
Rg3+ Kf6 40. Re3 Ng6 41. Ra3 Bxe4 42. Ra6+ Ke5 43. Ra5+ Bd5 44. Ra7 Nf4 45.
Rxg7 Nxh3 46. Kh2 Nf4 47. Rh7 Bxg2 48. Rxh6 Bb7 49. Rb6 Bc8 50. Rc6 Bd7 51. Rc7
Be6 52. Re7 Kf6 53. Rxe6+ 53... Nxe6 {
Game drawn because neither player has mating material} 1/2-1/2

[Event "ICS rated blitz match"]
[Site "207.99.83.229"]
[Date "1999.06.12"]
[Round "?"]
[White "Hossa"]
[Black "matar"]
[Result "1-0"]
[WhiteElo "2431"]
[BlackElo "2250"]
[PlyCount "55"]

1. e4 c5 2. Nf3 e6 3. d4 cxd4 4. Nxd4 a6 5. Bd3 Nc6 6. Nxc6 dxc6 7. Nd2 Qc7 8.
Nc4 b5 9. Nd2 e5 10. a4 Rb8 11. axb5 axb5 12. O-O Nf6 13. c4 b4 14. Nf3 Bc5 15.
Bg5 Be7 16. Qa4 O-O 17. Qa5 Qxa5 18. Rxa5 h6 19. Bh4 Rd8 20. Nxe5 Bb7 21. c5
Rd4 22. Bc4 Rxe4 23. Bxf7+ Kh8 24. Ng6+ Kh7 25. Rfa1 Bd8 26. Ra7 Bc8 27. f3 Re2
28. Ra8 {matar resigns} 1-0

[Event "ICS rated blitz match"]
[Site "207.99.83.229"]
[Date "1999.06.12"]
[Round "?"]
[White "matar"]
[Black "Hossa"]
[Result "0-1"]
[WhiteElo "2232"]
[BlackElo "2447"]
[PlyCount "68"]

1. e4 e5 2. Nf3 Nc6 3. Bb5 a6 4. Ba4 Nf6 5. Bxc6 dxc6 6. d3 Bc5 7. Nbd2 Ng4 8.
O-O O-O 9. h3 Nxf2 10. Rxf2 Bxf2+ 11. Kxf2 f5 12. exf5 Bxf5 13. g4 Bg6 14. Kg2
e4 15. dxe4 Bxe4 16. Qe2 Bxf3+ 17. Nxf3 Qf6 18. c3 Rae8 19. Qd3 Qf7 20. Bd2 Rd8
21. Qe2 Qxf3+ 22. Qxf3 Rxd2+ 23. Kg3 Rxf3+ 24. Kxf3 Rxb2 25. Rd1 Rxa2 26. Rd7
Ra3 27. Kf4 Rxc3 28. h4 b6 29. h5 Rc4+ 30. Kf5 h6 31. g5 Rc5+ 32. Ke6 Rxg5 33.
Rxc7 c5 34. Ra7 34... Rxh5 {matar resigns} 0-1

[Event "ICS rated blitz match"]
[Site "207.99.83.229"]
[Date "1999.06.12"]
[Round "?"]
[White "Amateur"]
[Black "Hossa"]
[Result "1-0"]
[WhiteElo "2521"]
[BlackElo "2454"]
[Annotator "Fritz 5.32 (22s)"]
[PlyCount "197"]

1. e4 1... e5 {Opening = C84 - 5.0-0 Be7(6.d4 ---)} 2. Nf3 Nc6 3. Bb5 a6 4. Ba4
Nf6 5. O-O Be7 6. Nc3 b5 7. Bb3 7... b4 $146 (7... d6 8. d3 Na5 (8... O-O 9.
Be3 (9. h3 Nh5 10. Nxe5 Nxe5 11. Qxh5 c5 12. f4 Ng6 13. f5 Ne5 14. Nd5 Bb7 15.
f6 Bxd5 16. fxe7 Qxe7 17. Bxd5 Rad8 18. Bf4 Qc7 19. Bxe5 dxe5 20. Rf3 g6 21.
Qh6 c4 22. Raf1 Qa7+ 23. Kh1 Rd7 24. Rf6 a5 25. Rxg6+ hxg6 26. Qxg6+ Kh8 27.
Qh6+ Kg8 28. Rf6 Rxd5 29. Qg5+ {
1-0 Lopez,C-Albornoz,R/Open, Santiago CHI 1997 (29)}) 9... Na5 10. a4 Nxb3 11.
cxb3 b4 12. Ne2 a5 13. Nd2 d5 14. f4 Ng4 15. Bf2 Nxf2 16. Rxf2 Bc5 17. d4 exd4
18. Kh1 d3 19. Rf3 dxe2 20. Qxe2 Bg4 21. Raf1 dxe4 22. Nxe4 Re8 23. Qc4 Bxf3
24. gxf3 Bb6 25. Ng5 Qf6 26. Qd3 g6 27. Qd2 Rad8 28. Qg2 Qxf4 29. Ne4 Kg7 30.
Qh3 f5 31. Nf2 31... Rd2 {0-1 Lopez,C-Basualto,P/Open, Santiago CHI 1997 (31)})
9. Ne2 Nxb3 10. axb3 c5 11. Ng3 g6 12. Ne1 Qb6 13. c4 b4 14. f4 Bg4 15. Qc2 h5
16. h3 h4 17. Nh1 Be6 18. Nf3 Nd7 19. Nf2 O-O-O 20. d4 exd4 21. f5 d3 22. Qxd3
{Suchting,H-Napier,W/Hanover 1902/ - (44)}) 8. Nd5 8... O-O $14 (8... Bb7 9. d3
$11) 9. d3 $11 {Sichert e4} (9. d4 exd4 10. Nxd4 Nxd4 (10... Nxe4 $143 11. Re1
$16) 11. Qxd4 Nxd5 12. Qxd5 12... c6 $11) 9... Bb7 10. a3 a5 11. axb4 axb4 12.
Rxa8 Bxa8 13. Bd2 Nxd5 14. Bxd5 Bd6 15. Qe1 Qb8 16. Be3 Qe8 17. Qd2 Kh8 18. Ra1
Qe7 19. Qd1 Bb7 20. Ng5 g6 21. Nf3 21... f6 {Befestigt g5} 22. Nd2 $11 (22. c3
22... Bc5 $14) 22... Ra8 $14 (22... Bc5 23. Bh6 Ra8 24. Rxa8+ Bxa8 25. Nc4 $14)
23. Rxa8+ Bxa8 24. Nc4 (24. Qg4 24... Bb7 $14) 24... Bc5 25. Qg4 Bxe3 26. Nxe3
Qg7 27. Qh4 27... g5 $16 (27... Qe7 $5 $14) 28. Qh3 Bb7 29. Qg4 $16 (29. Nf5 g4
30. Nxg7 30... gxh3 $18) 29... Ba8 $18 (29... Qe7 30. h4 Qg7 31. Nf5 $16) 30.
Qd1 $16 (30. Nf5 30... Qg6 $16) 30... Bb7 31. Nf5 (31. c3 31... Qf8 $16) 31...
Qf8 32. Qh5 Nd8 33. Ba2 33... c6 $14 {Deckt d5} (33... Ne6 34. Bxe6 dxe6 35.
Ne3 $11) 34. Nh6 (34. h4 34... Ne6 $14) 34... d5 35. Qh3 Qg7 36. exd5 (36. Nf5
36... Qf8 $14) 36... cxd5 37. Nf5 {Der Springer steht auf f5 komfortabel} (37.
Bb3 37... Qe7 $14) 37... Qf8 38. Qf3 (38. d4 exd4 39. Qd3 39... Ne6 $11) 38...
d4 {Raumvorteil} 39. Qd1 Bc8 40. Ng3 Ne6 41. Qf3 Nf4 42. Qa8 Kg7 43. Qa7+ Kh8
44. Qb8 Kg7 (44... Qc5 45. h3 Kg7 46. Ne4 $16) 45. Ne4 g4 46. Qc7+ Kg6 47. Qb8
$11 (47. Nd6 $5 {steht zur Diskussion} 47... Be6 48. Bxe6 Nxe6 49. Qd7 $14)
47... Kg7 48. Qa7+ 48... Kh8 $16 (48... Kg6 49. Bb3 $11) 49. Qb6 Bf5 50. Nc5
$14 (50. Nxf6 $5 $142 50... b3 51. Bxb3 $18) 50... Ne2+ 51. Kh1 Nf4 52. Bc4 $11
(52. Na6 Be6 53. Bxe6 Qa8 54. Qb8+ Qxb8 55. Nxb8 55... Nxe6 $11) 52... h6 $14 (
52... Nh3 53. f3 (53. gxh3 Qa8+ 54. f3 Qxf3+ 55. Kg1 Qe3+ 56. Kf1 Qxh3+ 57. Ke1
Qe3+ 58. Kf1 Qc1+ 59. Kg2 Qd2+ (59... Qxc2+ $2 {ist nicht korrekt} 60. Kg3 Kg7
61. Qb7+ (61. Qxb4 {ist schnell zu verwerfen} 61... h5 62. h4 62... Qc1 $15)
61... Kh6 62. Qf7 $18 (62. Qxb4 Qe2 63. Bd5 e4 64. Qd2+ Qxd2 65. dxe4 65... Bc8
$19)) 60. Kg3 Qe3+ 61. Kg2 Qf3+ 62. Kg1 Qd1+ 63. Kg2 Qe2+ (63... Qxc2+ $2 {
ist nicht spielbar} 64. Kg3 Kg7 65. Qb7+ (65. Qxb4 {ist sichtlich schlechter}
65... h5 66. h4 66... Qc1 $15) 65... Kh6 66. Qf7 $18 (66. Qxb4 Qe2 67. Bd5 e4
68. Qd2+ Qxd2 69. dxe4 69... Bc8 $19)) 64. Kg1 Qd1+ 65. Kg2 Qf3+ (65... Qxc2+
$2 {funktioniert nicht} 66. Kg3 Kg7 67. Qb7+ (67. Qxb4 {ist minderwertig} 67...
h5 68. h4 68... Qc1 $15) 67... Kh6 68. Qf7 $18 (68. Qxb4 Qe2 69. Bd5 e4 70.
Qd2+ Qxd2 71. dxe4 71... Bc8 $19)) 66. Kg1 66... Qd1+ $11) 53... gxf3 54. gxh3
Bxh3 55. Bd5 $17 (55. Qxb4 {ist und bleibt taktisch widerlegt} 55... f2 56. c3
f1=Q#)) 53. Na6 (53. Qxb4 Qa8 54. Qb8+ Qxb8 55. Nb3 Qa8 56. Bd5 Qa2 57. h3 Qb1+
58. Kh2 Ne2 59. Nc1 Qxc1 60. hxg4 Qg1+ 61. Kh3 Qh1#) 53... b3 $16 (53... Be6
54. Bxe6 Qa8 55. Qb8+ Qxb8 56. Nxb8 Nxe6 57. Na6 $11) 54. Bxb3 54... Bxd3 $2
$18 (54... Kh7 $16 $142) 55. cxd3 Nxd3 56. Kg1 Nxb2 (56... Nc1 57. Bd1 57... h5
$18) 57. Bc2 (57. Nc5 $142 {machte sofort alles klar} 57... h5 58. Nd7 $18)
57... d3 58. Qxb2 Qd6 59. Nc5 59... dxc2 {Es droht Matt} 60. Qxc2 f5 61. Nd3 e4
62. Nb2 Qf6 63. Nd1 Kh7 64. Qc7+ Kg6 65. h3 gxh3 66. Qg3+ Kf7 67. Qxh3 Ke7 (
67... Qg6 68. Qc3 $18) 68. Qa3+ (68. Ne3 {erleichterte Weiss die Gewinnfuehrung
} 68... Ke6 $18) 68... Kf7 69. Ne3 Kg6 70. Qa2 h5 71. Qg8+ Kh6 72. Qb8 (72. g3
{ist genauer} 72... f4 73. Nd5 Qa1+ 74. Kh2 fxg3+ 75. Qxg3 75... Qg7 $18) 72...
Qa1+ (72... Kh7 73. g3 $18) 73. Kh2 Qf6 74. Qf4+ (74. Nd5 {
laesst dem Gegner kaum Chancen} 74... Qg5 $18) 74... Kg6 75. Kg3 Qf8 (75...
Qg5+ 76. Qxg5+ Kxg5 77. f4+ exf3 78. Kxf3 $18) 76. Kh2 $4 $11 {
wild schwanken die Waagschalen...} (76. Qe5 $18 $142 {und Weiss gewinnt}) 76...
Qf6 77. Kh3 Qe6 (77... h4 {nuetzt auch nichts mehr} 78. Qxf5+ Qxf5+ 79. Nxf5
$18) 78. Qg3+ Kf6 79. Kh4 Qe5 80. Qxe5+ Kxe5 81. Kxh5 f4 82. Nc2 (82. Kg5 {
und Weiss haette es noch leichter} 82... Kd6 83. Kxf4 83... Ke6 $18) 82... Kf5
83. Kh4 Kf6 84. Kg4 f3 85. gxf3 Kg7 (85... exf3 {hilft auch nicht mehr} 86. Nd4
$18) 86. fxe4 {Der Freibauer e4 wird schnell zu einer gefaehrlichen Waffe}
86... Kf7 (86... Kf6 87. f4 Kg6 88. f5+ 88... Kf6 $18) 87. Kf5 Ke8 88. Kf6 Kd7
89. e5 Kc7 90. e6 Kb6 91. e7 {Droht Matt} 91... Kc7 92. e8=Q Kb6 (92... Kb7 {
holt die Kuh nicht vom Eis} 93. Qb5+ Kc8 94. Nb4 Kc7 95. Na6+ Kd6 96. Qc5+ Kd7
97. Qc7+ Ke8 98. Qe7#) 93. Qd7 (93. Qb8+ Kc5 94. Ke5 Kc6 95. Nd4+ Kd7 96. Qb7+
Ke8 97. Ke6 Kf8 98. Qf7#) 93... Kc5 94. Qc7+ Kb5 95. Nd4+ Kb4 96. f4 Ka3 97.
Qc3+ Ka2 (97... Ka4 {aendert nichts am Ausgang der Partie} 98. Qb3+ Ka5 99.
Qb5#) 98. Qc2+ Ka3 99. Qb3# 1-0